00685nam a2200193 a 4500003000900000005001700009007000300026008004100029020001500070040002500085082000700110100002800117245004200145250001100187260007300198300002100271490005300292534014600345DO-SdBNP20230412102300.0ta090708s2009 dr 000 0 spa d z9993479977 aDO-SdBNPbspacBNPHU 42221 aDuate, Rosa,d1820-188810aDiario de Rosa Duarte /cRosa Duarte. a3a ed. aSanto Domingo bComisión Permanente de Efemérides Patriasc2009. a57 p. ; c22 cm.0 aComisión Permanente de Efemérides Patriasv8 pTítulo originaltApuntes para la historia de la isla de Santo Domingo y para la biografía del general dominicano Juan Pablo Duarte y Diez